| 000 | 00651nam a22002057a 4500 | ||
|---|---|---|---|
| 005 | 20130902150832.0 | ||
| 010 | _aENG-108395 | ||
| 020 |
_c425.00 _a9788120347526 |
||
| 035 | _aEN-91928 | ||
| 037 | _bDBAD/PUB | ||
| 082 | _a330.091732 | ||
| 100 | _aBrueckner, Jan K. | ||
| 245 | 0 | 0 |
_aLectures on urban economics / _cby Jan K. Brueckner |
| 260 |
_aDelhi _bPHI Learning _c2013 |
||
| 270 |
_aRimjhim house,111, Patparganj Industrial Estate _bDelhi _e110092 |
||
| 300 |
_ax,285p. : _c23cm(pbk) _bill. |
||
| 500 | _aincludes bibliographical references and index | ||
| 650 | _a Urban economics. | ||
| 942 |
_2ddc _cEN _mBRU _h330.091732 |
||
| 999 |
_c78884 _d78884 |
||